[Event "XLI MIEDZYNARODOWY MEMORIAL LUDWIKA ZAMENHOFA 2022 - open A"]
[Site "Bialystok"]
[Date "1899-12-30"]
[Round "9.8"]
[White "Malek, Jan"]
[Black "Dvirnyy, Danyyil"]
[Result "1/2-1/2"]
[WhiteTitle "m"]
[BlackTitle "GM"]
[WhiteElo "2376"]
[BlackElo "2530"]

1. e4 e5 2. Nf3 Nc6 3. Bb5 a6 4. Ba4 Nf6 5. O-O Be7 6. Re1 b5 7. Bb3 d6 8. c3 O-O
9. h3 Bb7 10. d4 Re8 11. Ng5 Rf8 12. Nf3 Re8 13. Nbd2 Bf8 14. Bc2 g6 15. a3 Bg7
16. Nf1 d5 17. Bg5 dxe4 18. Bxe4 exd4 19. Nxd4 Nxd4 20. Bxb7 Rxe1 21. Qxe1 Nc2
22. Bxf6 Bxf6 23. Qe4 Nxa1 24. Bxa8 Nb3 25. Qc6 Bg5 26. Qxa6 Nd2 27. Nxd2 Qxd2
28. Qxb5 Qc1+ 29. Kh2 Qf4+ 30. g3 Qxf2+ 31. Bg2 Bc1 32. b4 Bxa3 33. Qb8+ Kg7 34.
Qxc7 Qe3 35. Qc6 Bb2 36. c4 Be5 37. Qf3 Qxf3 38. Bxf3 Bc3 39. b5 Bd4 40. Kg2 f5
41. Kf1 Kf6 42. Ke2 Ke5 43. Kd3 Bf2 44. Kc3 g5 45. Kb4 Kd6 46. g4 fxg4 47. Bxg4
h6 48. Kc3 Ke5 49. Bd1 Bc5 50. Kd3 Bb6 51. Bh5 Bc5 52. Be8 Bb6 53. Ke2 Kf4 54.
Bd7 Bc5 55. Kd3 Ke5 56. Ke4+ 1/2-1/2

[Event "XLI MIEDZYNARODOWY MEMORIAL LUDWIKA ZAMENHOFA 2022 - open A"]
[Site "Bialystok"]
[Date "1899-12-30"]
[Round "9.9"]
[White "Karolczuk, Iwo"]
[Black "Olszewski, Michal"]
[Result "0-1"]
[WhiteTitle "FM"]
[BlackTitle "GM"]
[WhiteElo "2327"]
[BlackElo "2521"]

1. e4 e5 2. Nf3 Nc6 3. Bb5 a6 4. Ba4 Nf6 5. O-O Be7 6. Re1 b5 7. Bb3 d6 8. c3 O-O
9. h3 Nd7 10. d4 Bf6 11. a4 Bb7 12. d5 Na5 13. Ba2 c5 14. b4 Nc4 15. Bxc4 bxc4
16. Na3 Qc7 17. Nd2 Bh4 18. Naxc4 f5 19. Ne3 fxe4 20. Nxe4 cxb4 21. cxb4 Nf6 22.
Nxf6+ Rxf6 23. g3 Qf7 24. Qg4 Rf8 25. Qxh4 Rh6 0-1

[Event "XLI MIEDZYNARODOWY MEMORIAL LUDWIKA ZAMENHOFA 2022 - open A"]
[Site "Bialystok"]
[Date "1899-12-30"]
[Round "9.10"]
[White "Cukrowski, Filip"]
[Black "Fus, Jakub"]
[Result "0-1"]
[WhiteTitle "FM"]
[BlackTitle "FM"]
[WhiteElo "2402"]
[BlackElo "2405"]

1. e4 e6 2. d4 d5 3. Nc3 Nf6 4. Bg5 dxe4 5. Nxe4 Be7 6. Nxf6+ Bxf6 7. Bxf6 Qxf6
8. Nf3 c5 9. c3 cxd4 10. Qxd4 Qxd4 11. Nxd4 Bd7 12. Nb5 Bxb5 13. Bxb5+ Ke7 14.
O-O-O a6 15. Be2 Nc6 16. Kc2 Rac8 17. a3 Rc7 18. b4 Ne5 19. Kb3 Rhc8 20. Rc1 Nc4
21. Rhd1 b5 22. Rd4 a5 23. bxa5 Nxa5+ 24. Kb2 Nc4+ 25. Kb3 Rc5 26. Kb4 Nb6 27.
Bf3 Na4 28. Rd3 Rc4+ 29. Ka5 Nb2 30. Re3 Rb8 31. Re4 Rc7 32. Rd4 b4 33. Be2 Rxc3
34. Rxc3 bxc3 35. Bd1 e5 36. Rd5 Ke6 37. Bf3 Nc4+ 0-1

[Event "XLI MIEDZYNARODOWY MEMORIAL LUDWIKA ZAMENHOFA 2022 - open A"]
[Site "Bialystok"]
[Date "1899-12-30"]
[Round "9.11"]
[White "Kowalski, Igor"]
[Black "Psyk, Radoslaw"]
[Result "0-1"]
[WhiteTitle "IM"]
[BlackTitle "k++"]
[WhiteElo "2344"]
[BlackElo "2438"]

1. d4 Nf6 2. Nf3 e6 3. g3 b5 4. Bg2 Bb7 5. O-O c5 6. a4 b4 7. Nbd2 cxd4 8. Nb3
Be7 9. Nfxd4 Bxg2 10. Kxg2 O-O 11. Qd3 Qc8 12. f3 d5 13. a5 Nbd7 14. a6 Ne5 15.
Qb5 Rb8 16. Qa4 Rb6 17. Ra2 Nfd7 18. Bf4 Nc4 19. Nb5 e5 20. Nxa7 Qc7 21. Nb5 Qc6
22. a7 Ra8 23. N3d4 Qb7 24. b3 Nc5 25. Qxb4 Ne6 26. Qc3 exd4 27. Nxd4 Nxf4+ 28.
gxf4 Nd6 29. Rfa1 Bf6 30. e3 Nb5 31. Qc5 Be7 32. Qxb6 Qxb6 33. Ra6 Qb7 34. Nc6
Bc5 35. R1a5 Nc7 0-1

[Event "XLI MIEDZYNARODOWY MEMORIAL LUDWIKA ZAMENHOFA 2022 - open A"]
[Site "Bialystok"]
[Date "1899-12-30"]
[Round "9.12"]
[White "Mis, Mieszko"]
[Black "Bogdanov, Egor"]
[Result "0-1"]
[WhiteTitle "FM"]
[BlackTitle "IM"]
[WhiteElo "2389"]
[BlackElo "2381"]

1. d4 d5 2. c4 e6 3. Nf3 Nf6 4. g3 Be7 5. Bg2 O-O 6. O-O dxc4 7. Qc2 a6 8. a4 Bd7
9. Nc3 Bc6 10. Rd1 Nbd7 11. e4 b5 12. d5 exd5 13. e5 Ne8 14. Nxd5 Bxd5 15. Rxd5
c6 16. Rd1 Qc7 17. Bf4 Nc5 18. e6 Qb6 19. a5 Qb7 20. Ne5 fxe6 21. Bxc6 Qc8 22.
Bxa8 Qxa8 23. Nd7 Rxf4 24. gxf4 Qf3 25. Ne5 Qxf4 26. Qe2 Nb3 27. Rab1 Nf6 28.
Nf3 Ne4 29. Re1 Nbc5 30. Rbd1 Bf6 31. h3 Bxb2 32. Qxb2 Qxf3 33. Rd8+ Kf7 34. Qd4
Kg6 35. Rc8 Qf5 36. Rc7 Ng5 37. Qxc5 Nf3+ 38. Kf1 Qd3+ 39. Re2 Qd1+ 40. Kg2 Qxe2
41. Qe7 Ne1+ 42. Kg1 Nf3+ 43. Kg2 Ne1+ 44. Kg1 Qe5 45. Rc5 Nf3+ 46. Kf1 Nd2+ 47.
Kg1 Qe1+ 48. Kg2 Qf1+ 49. Kh2 Qxf2+ 50. Kh1 Qe1+ 51. Kg2 Qe2+ 52. Kh1 Qe4+ 53.
Kh2 Qf4+ 54. Kh1 Qe4+ 55. Kg1 h6 56. Rc8 Qe1+ 57. Kg2 Qe2+ 58. Kh1 Qf3+ 59. Kh2
Qf4+ 60. Kh1 Qe4+ 61. Kh2 Qe5+ 62. Kg2 Kh7 63. Qd8 Qe2+ 64. Kh1 Qe1+ 65. Kg2 Qf1+
66. Kh2 Qf2+ 67. Kh1 Qf3+ 68. Kh2 Qf4+ 69. Kh1 Qe4+ 70. Kg1 Qe3+ 71. Kg2 Qe4+
72. Kg1 Nf3+ 73. Kf2 Ng5 74. Qg8+ Kg6 75. Qe8+ Nf7 76. Qc6 Qc2+ 77. Kg3 Kh7 78.
Qxe6 Qd3+ 79. Kg2 Qd2+ 80. Kg1 Qg5+ 81. Kf2 Qf4+ 82. Kg2 c3 83. Qe2 Qg5+ 84. Kh1
Qd5+ 85. Kg1 b4 86. Rc4 Ne5 87. Qc2+ Nd3 0-1

[Event "XLI MIEDZYNARODOWY MEMORIAL LUDWIKA ZAMENHOFA 2022 - open A"]
[Site "Bialystok"]
[Date "1899-12-30"]
[Round "9.13"]
[White "Stremavicius, Pijus"]
[Black "Sliwicka, Alicja"]
[Result "1-0"]
[WhiteTitle "FM"]
[BlackTitle "WIM"]
[WhiteElo "2369"]
[BlackElo "2284"]

1. b3 d5 2. Bb2 e6 3. Nf3 Nf6 4. c4 c5 5. cxd5 exd5 6. g3 Nc6 7. Bg2 Be7 8. d4
O-O 9. O-O Be6 10. Nc3 a6 11. Rc1 Rc8 12. e3 cxd4 13. Nxd4 Bg4 14. Qd2 Bb4 15.
a3 Bc5 16. Nxc6 bxc6 17. Na4 Be7 18. Nc5 Re8 19. b4 Ra8 20. Qd4 Qc8 21. Nb3 Qe6
22. Na5 Rec8 23. Qe5 Qxe5 24. Bxe5 Bd7 25. Rc2 c5 26. Bxf6 gxf6 27. bxc5 Rxc5
28. Rxc5 Bxc5 29. Bxd5 Rc8 30. Ra1 Bf8 31. Nb3 Rc3 32. a4 a5 33. Nd4 Bb4 34. Kg2
Rc5 35. Bf3 Bc3 36. Nb3 Re5 37. Rc1 Bb4 38. Bc6 Bf5 39. Nd4 Bg6 40. Bf3 Re8 41.
h4 Bd3 42. Rc7 Kg7 43. Bd5 Bg6 44. g4 h5 45. gxh5 Bxh5 46. Nf5+ Kg6 47. Ng3 Rf8
48. Bxf7+ Rxf7 49. Rxf7 Bd1 50. Ra7 Bxa4 51. h5+ Kh6 52. Kh3 Be1 53. Kg4 Bc2 54.
e4 Bd1+ 55. f3 Bxg3 56. Kxg3 Kxh5 57. Rxa5+ Kg6 58. Ra6 Kg7 59. Kf4 Be2 60. Rd6
Bf1 61. e5 fxe5+ 62. Kxe5 1-0

[Event "XLI MIEDZYNARODOWY MEMORIAL LUDWIKA ZAMENHOFA 2022 - open A"]
[Site "Bialystok"]
[Date "1899-12-30"]
[Round "9.14"]
[White "Risteski, Emil"]
[Black "Lukasiewicz, Krzysztof"]
[Result "0-1"]
[WhiteTitle "FM"]
[BlackTitle "FM"]
[WhiteElo "2373"]
[BlackElo "2250"]

1. Nf3 d5 2. g3 Nf6 3. Bg2 c6 4. O-O Bg4 5. d3 Nbd7 6. h3 Bh5 7. c4 e6 8. cxd5
exd5 9. Nc3 Be7 10. e4 dxe4 11. dxe4 Nc5 12. e5 Qxd1 13. Rxd1 Nfd7 14. g4 Bg6
15. Nd4 h5 16. f4 hxg4 17. hxg4 Rh4 18. f5 Bh7 19. b4 Na6 20. b5 Nb4 21. bxc6
bxc6 22. Nxc6 Bc5+ 23. Kf1 Rc8 24. Nxb4 Bxb4 25. Nd5 Bc5 26. e6 Ne5 27. exf7+
Kxf7 28. Be3 Bxe3 29. Nxe3 Nxg4 30. Nxg4 Rxg4 31. Rac1 Bxf5 32. Rxc8 Bxc8 33.
Rc1 Ba6+ 34. Kf2 Kf8 35. Rc7 Rf4+ 36. Ke3 Rf7 37. Rxf7+ Kxf7 38. Kf4 Bc4 39. a3
Ke6 40. Bf3 Bd5 41. Bd1 Kd6 42. Ke3 Ke5 43. Be2 Bb3 44. Bf3 Bc2 45. Bg2 Bd1 46.
Kd2 Bh5 47. Ke3 g5 48. Bf1 Bd1 49. Bh3 Bc2 50. Bf1 Bd1 51. Bh3 Kd5 52. Kd3 Bf3
53. Ke3 Bh1 54. Kd3 Kc5 55. Bf5 Bc6 56. Be6 Bd5 57. Bh3 Kb5 58. Kc3 Bc4 59. Kd4
Be2 60. Bd7+ Ka5 61. Kc3 Bb5 62. Bg4 Ka4 63. Kb2 Bc6 64. Be2 Be4 65. Bg4 Kb5 66.
Kc3 Kc5 67. Kd2 Kd4 68. Bd1 Bd5 69. Bh5 Ke4 70. Ke2 Bc4+ 71. Kf2 Kd4 72. Kg3 Kc3
73. Be8 Be6 74. a4 a5 75. Bb5 Kb4 76. Be8 Bb3 77. Kg4 Bxa4 78. Bf7 Bd1+ 79. Kxg5
a4 80. Kf4 a3 0-1

[Event "XLI MIEDZYNARODOWY MEMORIAL LUDWIKA ZAMENHOFA 2022 - open A"]
[Site "Bialystok"]
[Date "1899-12-30"]
[Round "9.15"]
[White "Seemann, Jakub"]
[Black "Rudzinska, Michalina"]
[Result "1-0"]
[WhiteTitle "FM"]
[BlackTitle "WFM"]
[WhiteElo "2365"]
[BlackElo "2256"]

1. d4 Nf6 2. c4 e6 3. Nf3 b6 4. g3 Bb7 5. Bg2 Bb4+ 6. Bd2 Be7 7. O-O O-O 8. Nc3
c6 9. e4 d5 10. Qc2 dxc4 11. e5 Nd5 12. Ne4 b5 13. h4 Nd7 14. Neg5 g6 15. h5 Kg7
16. Qe4 b4 17. Bh3 c3 18. bxc3 bxc3 19. Bc1 Nc7 20. Rb1 Ba6 21. Re1 Bc4 22. Qe3
Bxg5 23. Nxg5 Nd5 24. Qe4 Qa5 25. Rb7 c2 26. Rxd7 Bd3 27. Qxd3 Qxe1+ 28. Qf1 Qxf1+
29. Kxf1 Rab8 30. Ke2 Kg8 31. Nxf7 Rxf7 32. Bxe6 Rbf8 33. h6 Nc3+ 34. Kd3 Nd1
35. Kxc2 Nxf2 36. Ba3 1-0

[Event "XLI MIEDZYNARODOWY MEMORIAL LUDWIKA ZAMENHOFA 2022 - open A"]
[Site "Bialystok"]
[Date "1899-12-30"]
[Round "9.16"]
[White "Jarocka, Liwia"]
[Black "Malisauskas, Vidmantas"]
[Result "0-1"]
[WhiteTitle "FM"]
[BlackTitle "GM"]
[WhiteElo "2143"]
[BlackElo "2364"]

1. d4 Nf6 2. c4 g6 3. Nc3 d5 4. Nf3 Bg7 5. Qb3 dxc4 6. Qxc4 O-O 7. e4 Na6 8. Be2
c5 9. d5 e6 10. O-O exd5 11. exd5 Bf5 12. Rd1 Qb6 13. Nh4 Bd7 14. Be3 Rac8 15.
Rd2 Rfe8 16. a3 Rxe3 17. fxe3 Bh6 18. Rd3 Re8 19. e4 Qxb2 20. Rb1 b5 21. Rxb2
bxc4 22. Rf3 Nxe4 23. Bxc4 Nxc3 24. Bxa6 Be3+ 25. Kf1 Bd4 26. Rb7 Bc8 27. Rxa7
Bxa6+ 28. Rxa6 Nxd5 29. g3 Ne3+ 30. Ke2 g5 31. Ra7 Nc4+ 32. Kd1 gxh4 33. Rfxf7
hxg3 34. hxg3 Nxa3 35. Rxh7 c4 36. Rae7 Rf8 37. Rh4 Rd8 38. Kc1 c3 39. Ree4 Rb8
40. Rhg4+ Bg7 41. Kd1 c2+ 42. Kd2 Rd8+ 43. Kc1 Rd1# 0-1

[Event "XLI MIEDZYNARODOWY MEMORIAL LUDWIKA ZAMENHOFA 2022 - open A"]
[Site "Bialystok"]
[Date "1899-12-30"]
[Round "9.17"]
[White "Chomczyk, Marek"]
[Black "Indriunas, Matas"]
[Result "1/2-1/2"]
[WhiteTitle "k++"]
[BlackTitle "FM"]
[WhiteElo "2327"]
[BlackElo "2253"]

1. e4 c5 2. Nc3 Nc6 3. Bb5 Nd4 4. Nf3 a6 5. Bd3 g6 6. O-O Bg7 7. Re1 Nxf3+ 8. Qxf3
d6 9. Rb1 Be6 10. b3 b5 11. Bb2 Nf6 12. a4 c4 13. bxc4 bxc4 14. Bxc4 Bxc4 15.
e5 Nd7 16. exd6 e5 17. d3 Be6 18. Nd5 Bxd5 19. Qxd5 O-O 20. Ba3 Rc8 21. c4 Nb6
22. Qa5 Nxc4 23. Qxd8 Rfxd8 24. dxc4 Rxc4 25. a5 Bf8 26. Rxe5 Rd4 27. Bc5 Rd2
28. Bb6 Bxd6 29. Ree1 Rc8 30. Rbc1 Rxc1 31. Rxc1 Ra2 32. g3 Bb4 33. Rc8+ Kg7 34.
Ra8 Bxa5 35. Bd4+ f6 36. Rxa6 Rd2 37. Bxf6+ Kf7 38. Bg5 Rd1+ 39. Kg2 Bc3 40. Ra7+
Kg8 41. Ra8+ Kf7 42. Bh6 Rd7 43. Rf8+ Ke6 44. Bg5 Bg7 45. Rf3 Rf7 46. Re3+ Kd5
47. Re8 Kd6 48. h4 Kd7 49. Re4 h6 50. Be3 Re7 51. Rg4 Re6 52. h5 g5 53. Ra4 Ke8
54. Kf3 Kf7 55. Ra8 Bf6 56. Bc5 Re8 57. Ra6 Rc8 58. Be3 Re8 59. Ra7+ Re7 60. Ra4
Ke6 61. Bc5 Re8 62. Kg4 Rc8 63. Be3 Re8 64. Ra7 Re7 65. Ra8 Kf7 66. Bc5 Rc7 67.
Bd6 Rc6 68. Bf8 Bd4 69. f3 Be5 70. Ba3 Rc4+ 71. Kh3 g4+ 72. fxg4 Rc3 73. Kg2 Rxg3+
74. Kf2 Rxg4 1/2-1/2

[Event "XLI MIEDZYNARODOWY MEMORIAL LUDWIKA ZAMENHOFA 2022 - open A"]
[Site "Bialystok"]
[Date "1899-12-30"]
[Round "9.18"]
[White "Czernek, Tymon"]
[Black "Jarzebowski, Kacper"]
[Result "1/2-1/2"]
[WhiteTitle "FM"]
[BlackTitle "k+"]
[WhiteElo "2302"]
[BlackElo "2086"]

1. e4 e5 2. Nf3 Nc6 3. Bc4 Nf6 4. d3 Be7 5. O-O O-O 6. h3 d6 7. c3 Na5 8. Bb5 a6
9. Ba4 b5 10. Bc2 c5 11. d4 Qc7 12. a4 Bd7 13. d5 Rfe8 14. Nbd2 Bf8 15. Re1 g6
16. Nf1 c4 17. g4 Nb7 18. Ng3 Reb8 19. axb5 axb5 20. Bd2 Be8 21. Nh2 Na5 22. g5
Nd7 23. Ng4 Qd8 24. Qf3 Be7 25. h4 h5 26. Nh6+ Kg7 27. Nhf5+ Kg8 28. Nxh5 gxh5
29. Qxh5 Bf8 30. Kh2 Nb3 31. Bxb3 Rxa1 32. Rxa1 cxb3 33. Rg1 Bg7 34. Qf3 Nc5 35.
h5 Rb7 36. g6 fxg6 37. hxg6 Qf6 38. Bg5 Qxg6 39. Bh6 Qh7 40. Qh3 Bg6 41. Nxg7
Rxg7 42. Qc8+ Kf7 43. Qc7+ Kg8 44. Qc8+ Kf7 45. Qc7+ Kg8 1/2-1/2

[Event "XLI MIEDZYNARODOWY MEMORIAL LUDWIKA ZAMENHOFA 2022 - open A"]
[Site "Bialystok"]
[Date "1899-12-30"]
[Round "9.20"]
[White "Vardanyan, Aras"]
[Black "Sowinski, Pawel"]
[Result "1/2-1/2"]
[WhiteTitle "CM"]
[BlackTitle "k"]
[WhiteElo "2271"]
[BlackElo "2064"]

1. Nf3 Nf6 2. g3 c5 3. Bg2 Nc6 4. d4 cxd4 5. Nxd4 g6 6. O-O Bg7 7. c4 O-O 8. Nc3
d6 9. Nc2 Be6 10. Ne3 Qd7 11. Re1 Rac8 12. Bd2 Bh3 13. Bh1 Rfd8 14. Rc1 e6 15.
b3 Qe7 16. Ng2 d5 17. cxd5 exd5 18. Nf4 Be6 19. Nxe6 Qxe6 20. Bg5 d4 21. Na4 h6
22. Nc5 Qe7 23. Bxf6 Bxf6 24. a3 b6 25. Ne4 Bg7 26. b4 Ne5 27. Qb3 Qe6 28. Qa4
Rxc1 29. Rxc1 d3 30. exd3 Nxd3 31. Rc6 Qe5 32. Qd1 Qd4 33. Rc2 f5 34. Nc3 Re8
35. Nb5 Qd7 36. Rd2 Qxb5 37. Rxd3 Re1+ 38. Qxe1 Qxd3 39. Qe6+ Kh7 40. Bc6 Qxa3
41. Be8 Qa1+ 42. Kg2 Qf6 43. Qxf6 Bxf6 44. b5 Kg7 45. h4 Be7 46. f4 1/2-1/2

[Event "XLI MIEDZYNARODOWY MEMORIAL LUDWIKA ZAMENHOFA 2022 - open A"]
[Site "Bialystok"]
[Date "1899-12-30"]
[Round "9.21"]
[White "Luberanski, Jakub"]
[Black "Krzywda, Andrzej"]
[Result "1-0"]
[WhiteTitle "FM"]
[BlackTitle "CM"]
[WhiteElo "2243"]
[BlackElo "2262"]

1. e4 c5 2. Nf3 Nc6 3. Bb5 a6 4. Bxc6 dxc6 5. O-O Qc7 6. a4 a5 7. d4 cxd4 8. Qxd4
Bg4 9. Nbd2 Nf6 10. Nc4 Bxf3 11. gxf3 e6 12. e5 Nd5 13. Bd2 Be7 14. Nd6+ Bxd6
15. exd6 Qb6 16. Qxg7 O-O-O 17. Qxf7 Rxd6 18. c4 Nb4 19. Bf4 Qc5 20. Bxd6 Qxd6
21. Rad1 Rf8 22. Rxd6 Rxf7 23. Rxe6 Nd3 24. b3 Rg7+ 25. Kh1 Kc7 26. Re3 Rd7 27.
h3 Kb6 28. Kh2 Nc5 29. f4 Rd4 30. Kg3 Ne4+ 31. Kg4 Kc5 32. Kf5 Nd2 33. Rfe1 Kb4
34. Ke5 Rd8 35. f5 Nxb3 36. Rb1 Re8+ 37. Kd6 Rxe3 38. fxe3 Kxa4 39. f6 Nd2 40.
Ra1+ Kb3 41. f7 Nxc4+ 42. Ke6 1-0

[Event "XLI MIEDZYNARODOWY MEMORIAL LUDWIKA ZAMENHOFA 2022 - open A"]
[Site "Bialystok"]
[Date "1899-12-30"]
[Round "9.22"]
[White "Wikar, Martyna"]
[Black "Posaskov, Nikita"]
[Result "0-1"]
[WhiteTitle "WFM"]
[BlackTitle "k"]
[WhiteElo "2185"]
[BlackElo "2061"]

1. e4 c6 2. d4 d5 3. f3 dxe4 4. fxe4 e5 5. Nf3 Be6 6. c3 Nd7 7. Bd3 Ngf6 8. O-O
Bd6 9. Kh1 h6 10. Be3 O-O 11. Nbd2 Qc7 12. Qe1 Rfe8 13. Rc1 Rac8 14. a3 a5 15.
Bb1 a4 16. Bg1 Qa5 17. Nh4 Bf8 18. Qd1 g6 19. Nhf3 Bg7 20. dxe5 Ng4 21. Nd4 Ngxe5
22. Nxe6 Rxe6 23. Nc4 Qa6 24. Ba2 Rf6 25. Rxf6 Bxf6 26. Nxe5 Nxe5 27. Qd6 Kg7
28. Be3 Qe2 29. Bxh6+ Kxh6 30. Qxf6 Qxb2 31. Rf1 Qxa2 32. Qxe5 Qe6 33. Qd4 Re8
34. Rf4 Qe5 35. Qe3 Kg7 36. Rh4 Rd8 37. g3 Qf6 38. Kg2 Rd1 39. Qh6+ Kg8 40. Qh7+
Kf8 41. Rf4 Qg7 42. Qh3 Rd2+ 43. Kg1 Qxc3 44. Qh6+ Kg8 45. Rf2 Qc1+ 46. Rf1 Rg2+
0-1

[Event "XLI MIEDZYNARODOWY MEMORIAL LUDWIKA ZAMENHOFA 2022 - open A"]
[Site "Bialystok"]
[Date "1899-12-30"]
[Round "9.23"]
[White "Chylewski, Patryk"]
[Black "Golecki, Jan"]
[Result "1-0"]
[WhiteTitle "IM"]
[BlackTitle "k"]
[WhiteElo "2291"]
[BlackElo "2152"]

1. Nf3 Nf6 2. c4 b6 3. g3 Bb7 4. Bg2 c5 5. O-O g6 6. d3 Bg7 7. e4 O-O 8. Nc3 Nc6
9. Be3 Ng4 10. Bd2 d6 11. Ne1 Nf6 12. Nc2 e6 13. f4 Nd7 14. Be3 a6 15. d4 cxd4
16. Nxd4 Qc7 17. Nde2 Rfd8 18. Rc1 Ne7 19. Qd2 Rac8 20. Rfd1 Nf6 21. h3 Ba8 22.
b3 Qb8 23. a4 Rd7 24. Qe1 Bb7 25. g4 Qa8 26. Ng3 d5 27. cxd5 exd5 28. e5 Ne8 29.
Bd4 Nc6 30. Bxb6 d4 31. Nce4 g5 32. Nxg5 Nxe5 33. Rxc8 Qxc8 34. fxe5 Bxg2 35.
Kxg2 Bh6 36. e6 Qc6+ 37. Qe4 Qxe4+ 38. N5xe4 fxe6 39. Rxd4 Rb7 40. a5 Rf7 41.
Rd8 Rf2+ 1-0

[Event "XLI MIEDZYNARODOWY MEMORIAL LUDWIKA ZAMENHOFA 2022 - open A"]
[Site "Bialystok"]
[Date "1899-12-30"]
[Round "9.24"]
[White "Szewczyk, Mariusz"]
[Black "Zalega, Maciej"]
[Result "1-0"]
[WhiteTitle "k"]
[BlackTitle "I++"]
[WhiteElo "2094"]
[BlackElo "2116"]

1. e4 c5 2. Nf3 Nc6 3. Bb5 d5 4. e5 Qc7 5. Nc3 e6 6. O-O Nge7 7. d3 d4 8. Ne2 Bd7
9. Bf4 Ng6 10. Bg3 h5 11. Nf4 Nge7 12. h3 Nf5 13. Bh2 Be7 14. Ne2 g5 15. Ng3 Nxg3
16. Bxg3 h4 17. Bh2 a6 18. Bxc6 Bxc6 19. Nd2 O-O-O 20. f3 Rdg8 21. Qe2 Bd5 22.
a4 Qc6 23. c4 dxc3 24. bxc3 Qd7 25. Rfd1 Kb8 26. Kh1 Qc7 27. a5 Rd8 28. Bg1 Bf8
29. Rdb1 Bg7 30. d4 c4 31. Rb6 Bf8 32. Rab1 Be7 33. Rxa6 Rdg8 34. Rab6 Ka7 35.
Nf1 g4 36. fxg4 Bg5 37. Be3 f5 38. exf6 Bxf6 39. Bc1 Bd8 40. Ba3 Qf4 41. Bd6 Qf7
42. Ne3 Be4 43. R1b4 Rf8 44. Qxc4 Qf2 45. Qa6+ 1-0

[Event "XLI MIEDZYNARODOWY MEMORIAL LUDWIKA ZAMENHOFA 2022 - open A"]
[Site "Bialystok"]
[Date "1899-12-30"]
[Round "9.25"]
[White "Kubicka, Anna"]
[Black "Waszczuk, Patrycja"]
[Result "1/2-1/2"]
[WhiteTitle "WIM"]
[BlackTitle "WFM"]
[WhiteElo "2217"]
[BlackElo "2251"]

1. e4 d6 2. d4 Nf6 3. Bd3 g6 4. Nf3 Bg7 5. O-O O-O 6. h3 c6 7. Nc3 Nbd7 8. Re1
e5 9. Bf1 Qc7 10. a4 a5 11. Be3 Re8 12. d5 Nc5 13. Bxc5 dxc5 14. d6 Qb6 15. Qd2
Bd7 16. Bc4 h6 17. b3 Rad8 18. Rad1 Qa7 19. Qe3 b6 20. Rd2 Nh7 21. Nh2 Qb8 22.
Red1 Qc8 23. Qg3 Nf8 24. Nf3 Bf6 25. Ne2 Be6 26. Bxe6 Qxe6 27. h4 Rd7 28. h5 Red8
29. hxg6 fxg6 30. Nc1 Rxd6 31. Rxd6 Rxd6 32. Rxd6 Qxd6 33. Nd3 Kg7 34. Nfxe5 b5
35. c4 bxa4 36. bxa4 g5 37. Ng4 Qxg3 38. fxg3 Bd4+ 39. Kf1 Nd7 40. Ke2 h5 41.
Ne3 Kf6 42. Nf5 Nb6 43. Nxd4 cxd4 44. Nc5 Ke5 45. Kd3 g4 46. Nb3 Nxa4 47. Nxd4
Nb2+ 48. Kc3 Nd1+ 49. Kd3 Nf2+ 50. Ke3 Nd1+ 51. Kd3 Nb2+ 52. Kc3 Nd1+ 53. Kd3
Nb2+ 54. Kc3 Nd1+ 55. Kd3 Nb2+ 1/2-1/2

[Event "XLI MIEDZYNARODOWY MEMORIAL LUDWIKA ZAMENHOFA 2022 - open A"]
[Site "Bialystok"]
[Date "1899-12-30"]
[Round "9.27"]
[White "Lehaci, Miruna-daria"]
[Black "Baginskaite, Kamile"]
[Result "1/2-1/2"]
[WhiteTitle "WIM"]
[BlackTitle "WGM"]
[WhiteElo "2155"]
[BlackElo "2117"]

1. e4 e6 2. d4 d5 3. Nc3 Nf6 4. e5 Nfd7 5. f4 c5 6. Nf3 Nc6 7. Be3 a6 8. Qd2 b5
9. a3 Qa5 10. Ra2 Qb6 11. Nd1 1/2-1/2

[Event "XLI MIEDZYNARODOWY MEMORIAL LUDWIKA ZAMENHOFA 2022 - open A"]
[Site "Bialystok"]
[Date "1899-12-30"]
[Round "9.28"]
[White "Greicius, Pijus"]
[Black "Wojdak, Jan"]
[Result "1/2-1/2"]
[WhiteTitle "k"]
[BlackTitle "k"]
[WhiteElo "2076"]
[BlackElo "2115"]

1. d4 d5 2. c4 e6 3. Nc3 Nf6 4. cxd5 exd5 5. Bg5 c6 6. e3 h6 7. Bh4 Be7 8. Bd3
O-O 9. Qc2 Re8 10. Nf3 Ne4 11. Bxe7 Qxe7 12. O-O Nd7 13. b4 a6 14. a4 Rb8 15.
b5 axb5 16. axb5 Nxc3 17. Qxc3 c5 18. dxc5 Qxc5 19. Rfc1 Qxc3 20. Rxc3 Nb6 21.
h3 Bd7 22. Rac1 Rec8 23. Rc7 Na8 24. Rxc8+ Rxc8 25. Ra1 Nb6 26. Ra7 Rc1+ 27. Kh2
Bc8 28. Nd4 g6 29. Be2 Kf8 30. Bg4 f5 31. Be2 Ke7 32. g4 Kd6 33. gxf5 gxf5 34.
Kg3 Ke5 35. Nf3+ Kf4+ 36. Kxf4 Nd7 37. Nd4 Nf8 38. Kg3 1/2-1/2

[Event "XLI MIEDZYNARODOWY MEMORIAL LUDWIKA ZAMENHOFA 2022 - open A"]
[Site "Bialystok"]
[Date "1899-12-30"]
[Round "9.29"]
[White "Janeczko, Jakub"]
[Black "Salna, Aleksandras"]
[Result "1-0"]
[WhiteTitle "I++"]
[BlackTitle "k"]
[WhiteElo "2247"]
[BlackElo "2191"]

1. e4 c5 2. Nf3 Nc6 3. Bb5 g6 4. O-O Bg7 5. c3 e5 6. d4 cxd4 7. cxd4 exd4 8. Bf4
a6 9. Ba4 Nge7 10. Bd6 b5 11. Bb3 Bb7 12. Re1 Nc8 13. e5 Nxd6 14. exd6+ Kf8 15.
h4 Bf6 16. Nbd2 Kg7 17. Bd5 Na5 18. Bxb7 Nxb7 19. Ne4 Rc8 20. Rc1 Rxc1 21. Qxc1
Bxh4 22. Nxh4 Qxh4 23. Qd2 f6 24. Qxd4 Re8 25. g3 Qg4 26. Qxf6+ Kg8 27. Qe7 Rxe7
28. dxe7 Kf7 29. e8=Q+ 1-0

[Event "XLI MIEDZYNARODOWY MEMORIAL LUDWIKA ZAMENHOFA 2022 - open A"]
[Site "Bialystok"]
[Date "1899-12-30"]
[Round "9.30"]
[White "Backiel, Hubert"]
[Black "Dwilewicz, Katarzyna"]
[Result "1-0"]
[WhiteTitle "k"]
[BlackTitle "WFM"]
[WhiteElo "2208"]
[BlackElo "2123"]

1. e4 c5 2. Nf3 e6 3. d4 cxd4 4. Nxd4 Nc6 5. Nc3 Qc7 6. g3 a6 7. Bg2 Nf6 8. O-O
h5 9. Nxc6 dxc6 10. a4 Bc5 11. Qe2 Ng4 12. Nd1 Bd7 13. Bf4 e5 14. Bd2 h4 15. Ne3
Nf6 16. b4 Bd4 17. Rab1 O-O-O 18. c3 Ba7 19. c4 hxg3 20. hxg3 Bh3 21. Bxh3+ Rxh3
22. Kg2 Qd7 23. Nf5 Rdh8 24. Bg5 Rh2+ 25. Kf3 Bxf2 26. Bxf6 gxf6 27. Rbd1 Bd4
28. Qd3 Kb8 29. Rd2 c5 30. b5 Qc7 31. bxa6 bxa6 32. Rb1+ Ka7 33. Rxh2 Rxh2 34.
Qb3 Rh8 35. Ne7 Re8 36. Nd5 Qc6 37. Qb6+ Qxb6 38. Rxb6 f5 39. Rf6 fxe4+ 40. Kxe4
Rg8 41. Rxf7+ Kb8 42. Nb6 Rxg3 43. Kd5 Rg6 44. Nd7+ Kc8 45. Nxe5 Bxe5 46. Kxe5
Rb6 47. Kd5 Rb4 48. a5 Ra4 49. Kc6 Kd8 50. Kxc5 Rxa5+ 51. Kd6 Ke8 52. Re7+ Kd8
53. Rh7 Kc8 54. Kc6 Kd8 55. Kd6 Kc8 56. Kc6 Kd8 57. c5 Ra1 58. Rh8+ Ke7 59. Kc7
a5 60. c6 a4 61. Rh2 a3 62. Re2+ Kf7 63. Kd7 a2 64. Rf2+ Kg7 65. Rd2 Kf7 66. c7
Rc1 67. Rf2+ Kg7 68. Rxa2 Rd1+ 69. Ke7 Rc1 70. Rg2+ Kh7 71. Kd7 Rd1+ 72. Kc8 Kh8
73. Rb2 Kg7 74. Kb8 1-0

[Event "XLI MIEDZYNARODOWY MEMORIAL LUDWIKA ZAMENHOFA 2022 - open A"]
[Site "Bialystok"]
[Date "1899-12-30"]
[Round "9.31"]
[White "Daniel, Damian"]
[Black "Rozycki, Bartlomiej"]
[Result "0-1"]
[WhiteTitle "CM"]
[BlackTitle "k++"]
[WhiteElo "2169"]
[BlackElo "2196"]

1. d4 Nf6 2. c4 e6 3. Nc3 Bb4 4. Qc2 O-O 5. Nf3 c5 6. dxc5 Na6 7. g3 Nxc5 8. Bg2
Nce4 9. O-O Bxc3 10. bxc3 Qc7 11. Nd4 d5 12. cxd5 exd5 13. Ba3 Re8 14. Rfc1 Bd7
15. c4 Rac8 16. cxd5 Qe5 17. Qd3 Qxd5 18. Rxc8 Bxc8 19. Nb5 Qe5 20. Rc1 Bd7 21.
Nd4 b6 22. Bb2 Nc5 23. Qa3 a5 24. e3 Qb8 25. Nc6 Bxc6 26. Bxc6 Rc8 27. Bg2 Ne6
28. Rxc8+ Qxc8 29. Qb3 Qc5 30. h3 b5 31. Bf1 b4 32. a3 Ne4 33. axb4 axb4 34. Bd3
Nd6 35. Qa4 Qd5 36. Qc2 h6 37. e4 Qc5 38. Qd2 Nc4 39. Bxc4 Qxc4 40. f3 Qb3 41.
Kg2 Ng5 42. h4 Qxf3+ 43. Kh2 Qxg3+ 0-1